000 00756cam a2200229 a 4500
001 4396894
005 20231123051427.0
008 920902s1993 inu b s001 0 eng
020 _a025336096X (cloth : alk. paper)
020 _a0253207762 (paper : alk. paper)
040 _aDLC
_cDLC
_dDLC
082 0 0 _a305.42/0917/4927
_220
245 0 0 _aArab women :
_bold boundaries, new frontiers /
_cedited by Judith E. Tucker.
260 _aBloomington :
_bIndiana University Press,
_c1993.
300 _axviii, 264 p. ;
500 _a"Published in association with the Center for Contemporary Arab Studies, Georgetown University, Washington, DC."
650 0 _aWomen
650 0 _aWomen
650 0 _aFeminism
700 1 _aTucker, Judith E.
_eedt
942 _cL
999 _c66
_d66